00189nam a2200073Ia 4500008004100000082000800041100001900049245004700068240331s9999 xx 000 0 und d bANX aFernando,B. ed 3aAn X-ray of the Sri Lanka policing system